Memoria de la recerca 1992

Αποθηκεύτηκε σε:
Λεπτομέρειες βιβλιογραφικής εγγραφής
Συλλογικό Έργο: Universitat Autonoma de Barcelona, Vice-Rectorat d' Investigacio
Μορφή: Βιβλίο
Γλώσσα:Spanish
Δημοσίευση: Barcelona : Universitat Autonoma de Barcelona, 1992
Θέματα:
Ετικέτες: Προσθήκη ετικέτας
Δεν υπάρχουν, Καταχωρήστε ετικέτα πρώτοι!

MARC

LEADER 00000cam a2200000 i 4500
001 1/9965
008 000829s1992 spa d
020 |a 84-7929-248-2 
035 |l 10063257 
040 |a GR-MY-UA  |b gre  |e aacr 
041 0 |a spa 
082 0 |a 001.40946 
110 2 |a Universitat Autonoma de Barcelona. 
245 1 0 |a Memoria de la recerca 1992 /  |c Universitat Autonoma de Barcelona, Vice-Rectorat d' Investigacio 
260 |a Barcelona :   |b Universitat Autonoma de Barcelona,   |c 1992 
300 |a 1004 p.;  |c 23 cm 
500 |a Includes index 
650 0 0 |a Research  |z Spain  |x Handbooks, manuals, etc. 
650 0 0 |a Research  |z Spain  |x Methodology. 
710 2 |a Vice-Rectorat d' Investigacio. 
852 |a INST  |b CHIOS  |e 20000829  |h 001.40946 UNI  |p 005200011704  |q 005200011704  |t BK  |y 0 
901 |a BIBL2-2000-2 
909 |a Χ  |b 032616 
970 |z 2000/08/ΣΟΦΙΑ